Nem tud elszakadni a mikrofontól Szepesi György 86 évesen úgy érzi, hogy harmincat letagadhatna az életéből ...

Bibliographic Details
Main Authors: Albert, József (Author, Interviewer), Szepesi, György, 1922- (Author)
Format: Article
Language:Hungarian
PhysicalDescription:Fotogr.
ISSN:1335-7050
Subjects:

MARC

LEADER 00000nab a2200000 ar4500
001 vtls009183194
003 SK-MaSNL
005 20260319070828.0
008 080208c20080205xo |||||||| 000 b|hun
015 |a SNBRB2008/02  |2 snkbucl 
038 |a SNKBUCL 
040 |a DSZK  |b slo  |c DSZK  |e AACR2 
041 0 |a hun 
044 |a xo  |c SK 
080 |a 796.072.3  |2 1997 
080 |a 7.096.071.2  |2 1997 
080 |a 7.097.071.2  |2 1997 
100 1 |a Albert, József  |4 ivr  |4 aut  |9 569716 
245 1 0 |a Nem tud elszakadni a mikrofontól  |b Szepesi György 86 évesen úgy érzi, hogy harmincat letagadhatna az életéből ...  |c [beszélgetett] Albert József 
300 |b Fotogr. 
600 1 7 |a Szepesi, György,  |d 1922-  |2 snkbucl  |9 993974 
655 7 |a rozhovory  |2 snkbucl  |9 31831 
700 1 |a Szepesi, György,  |d 1922-  |4 ive  |4 aut  |9 993974 
773 0 |t Új szó  |g Évf. 61, sz. 30 (5.2.2008), o. 19  |x 1335-7050 
852 |a SNK  |b KIS3GCP 
852 |a DSZK  |b KIS3GCP 
958 |a HU 
999 |c 1722925  |d 1724855